The poems of William Watson. (Record no. 14683)
[ view plain ]
| 000 -LEADER | |
|---|---|
| fixed length control field | 00606cam a2200193 a 4500 |
| 001 - CONTROL NUMBER | |
| control field | ca 12001091 |
| 003 - CONTROL NUMBER IDENTIFIER | |
| control field | DLC |
| 005 - DATE AND TIME OF LATEST TRANSACTION | |
| control field | 20260227111058.0 |
| 008 - FIXED-LENGTH DATA ELEMENTS--GENERAL INFORMATION | |
| fixed length control field | 050726s1893 nyu 000 0 eng |
| 010 ## - LIBRARY OF CONGRESS CONTROL NUMBER | |
| LC control number | ca 12001091 |
| 040 ## - CATALOGING SOURCE | |
| Original cataloging agency | DLC |
| Transcribing agency | DLC |
| Modifying agency | DLC |
| 050 00 - LIBRARY OF CONGRESS CALL NUMBER | |
| Classification number | PR5750 |
| Item number | .A2 1893 |
| 051 ## - LIBRARY OF CONGRESS COPY, ISSUE, OFFPRINT STATEMENT | |
| Classification number | PR5750 |
| Item number | .A2 1893 Copy 3 |
| Copy information | From the library of Oliver Wendell Holmes Jr. |
| 100 1# - MAIN ENTRY--PERSONAL NAME | |
| Personal name | Watson, William, |
| Dates associated with a name | 1858-1935. |
| 245 14 - TITLE STATEMENT | |
| Title | The poems of William Watson. |
| 260 ## - PUBLICATION, DISTRIBUTION, ETC. | |
| Place of publication, distribution, etc. | New York : |
| Name of publisher, distributor, etc. | Macmillan, |
| Date of publication, distribution, etc. | 1893. |
| 300 ## - PHYSICAL DESCRIPTION | |
| Extent | ix, 280 p. ; |
| Dimensions | 19 cm. |
| 710 2# - ADDED ENTRY--CORPORATE NAME | |
| Corporate name or jurisdiction name as entry element | Oliver Wendell Holmes Collection (Library of Congress) |
| Institution to which field applies | DLC |
No items available.